000 00649cam a22002293a 4500
001 9977
003 PGUSA
005 20140828083218.0
008 060201s2006||||xxu|||||s|||||000 | eng d
040 _aPGUSA
_beng
042 _adc
050 4 _aDD
100 1 _aGutzkow, Karl,
_d1811-1878
245 1 0 _aBerlin — Panorama einer Weltstadt
_h[electronic resource] /
_cKarl Gutzkow
260 _bProject Gutenberg,
_c2006
506 _aPublic domain in the USA.
516 _aElectronic text
653 _aGermany -- Description and travel
830 0 _aProject Gutenberg
_v9977
856 4 0 _uhttp://www.gutenberg.org/ebooks/9977
942 _cEB
999 _c239233
_d239233